Erfolgreichste 3DS-Spiele nach Hauptschurken - Statistiken

Allgemein
  • Dieses Quiz wurde 15 mal gespielt
  • Das Durchschnittsergebnis liegt bei 8 aus 16
Antwortstatistiken
Bildquiz Antwort % Korrekt
New Super Mario Bros. 2 / Super Mario 3D Land / Mario Party: Island Tour
86%
Pokémon X / Pokémon Y
86%
Luigi’s Mansion 2
79%
Pokémon Omega Rubin / Pokémon Alpha Saphir
79%
Pokémon Sonne / Pokémon Mond
79%
The Legend of Zelda: Majora's Mask 3D
57%
The Legend of Zelda: Ocarina of Time 3D
57%
Kirby: Triple Deluxe
43%
Donkey Kong Country Returns 3D
36%
Pokémon Ultrasonne / Pokémon Ultramond
36%
The Legend of Zelda: A Link Between Worlds
36%
Yo-kai Watch
29%
Fire Emblem Fates: Vermächtnis / Fire Emblem Fates: Herrschaft
21%
Mario & Luigi: Dream Team Bros.
21%
Super Smash Bros. for Nintendo 3DS
14%
Yo-kai Watch 2: Knochige Gespenster / Yo-kai Watch 2: Kräftige Seelen
7%
Keine übereinstimmenden Quizze gefunden
Verteilung der Resultate
Anzahl Personen mit jedem Resultat
Perzentil nach korrekt beantworteten Fragen
Ihre Resultats-Entwicklung
Sie haben dieses Quiz noch nicht gespielt